MARC

LEADER 00000nas a2200000 i 4500
001 ssj0012111
003 WaSeSS
005 20200512172242.0
006 m d
007 cr n
008 110531c19759999miumn p s 0 a0eng c
010 |a  2019247502 
015 |a 011465956  |2 dnb 
016 7 |a 011465956  |2 DE-101 
016 7 |a 242553-1  |2 DE-600 
016 7 |a 011751214  |2 Uk 
022 |l 0361-0853  |y 0361-0853 
030 |a MAENDQ 
035 |a (WaSeSS)ssj0012111 
037 |b Manufacturing Engineering, One SME Dr., Box 930, Dearborn, MI 48121 
040 |a OCLCE  |b eng  |e pn  |c OCLCE  |d OCLCQ  |d OCLCF  |d OCLCO  |d OCLCQ  |d OCLCS  |d TXJ  |d TXU  |d OCLCQ  |d UAB  |d Z5A  |d OCLCQ  |d U3W  |d UOK  |d AU@  |d OCLCO  |d WYU  |d OCLCQ  |d COD  |d OCLCA  |d OCLCQ  |d SFB  |d CNMTR  |d WaSeSS 
042 |a dlr  |a pcc 
050 4 |a TJ1180.A1  |b A6 
082 0 4 |a 670/.5 
130 0 |a Manufacturing engineering (Dearborn, Mich. : 1975) 
245 1 0 |a Manufacturing engineering  |h [electronic resource]. 
260 |a Dearborn, Michigan :  |b Society of Manufacturing Engineers,  |c 1975- 
310 |a Monthly, plus extra issue in April,  |b 2019- 
321 |a Monthly,  |b -2016 
321 |a Monthly, plus special spring issue,  |b 2017 
321 |a Monthly, plus two extra issues (spring and fall),  |b 2018 
362 1 |a Print began with vol. 75, No. 2 (August 1975). 
506 |a License restrictions may limit access. 
538 |a Master and use copy. Digital master created according to Benchmark for Faithful Digital Reproductions of Monographs and Serials, Version 1. Digital Library Federation, December 2002.  |u http://purl.oclc.org/DLF/benchrepro0212  |5 MiAaHDL 
583 1 |a digitized  |c 2011  |h HathiTrust Digital Library  |l committed to preserve  |2 pda  |5 MiAaHDL 
588 |a Description based on print version record. 
588 |a Latest issue consulted: Vol. 162, No. 1 (January 2019) (ProQuest, viewed Feb. 5, 2019). 
650 0 |a Production engineering  |v Periodicals. 
650 0 |a Production management  |v Periodicals. 
650 6 |a Production, Technique de la  |x Périodiques. 
650 6 |a Production  |x Gestion  |x Périodiques. 
650 7 |a Production engineering.  |2 fast  |0 (OCoLC)fst01078282 
650 7 |a Production management.  |2 fast  |0 (OCoLC)fst01078309 
650 1 7 |a Productietechniek.  |2 gtt 
650 7 |a Fertigung  |2 gnd 
650 7 |a Zeitschrift  |2 gnd 
655 0 |a Electronic journals. 
710 2 |a Society of Manufacturing Engineers. 
770 0 |t Aerospace & defense manufacturing 
770 0 |t Motorized vehicle manufacturing 
776 0 8 |i Print version:  |t Manufacturing engineering (Dearborn, Mich. : 1975)  |x 0361-0853  |w (DLC) 76640058  |w (OCoLC)2245700 
780 0 0 |t Manufacturing engineering & management 
856 4 0 |z Full text available from Research Library: 06/01/1993 to present  |u https://search.proquest.com/publication/42077